Human Values and Professional Ethics (Record no. 49947)

MARC details
000 -LEADER
fixed length control field 00404nam a2200145Ia 4500
008 - FIXED-LENGTH DATA ELEMENTS--GENERAL INFORMATION
fixed length control field 220530s9999 xx 000 0 und d
041 ## - LANGUAGE CODE
Language code of text/sound track or separate title eng
082 ## - DEWEY DECIMAL CLASSIFICATION NUMBER
Classification number 300.124
Item number SUR
100 ## - MAIN ENTRY--PERSONAL NAME
Personal name Suresh Jayshree ; Raghavan B.S
9 (RLIN) 54646
245 ## - TITLE STATEMENT
Title Human Values and Professional Ethics
260 ## - PUBLICATION, DISTRIBUTION, ETC. (IMPRINT)
Place of publication, distribution, etc. Delhi
Name of publisher, distributor, etc. S.Chand & Co Ltd
Date of publication, distribution, etc. 2010
300 ## - PHYSICAL DESCRIPTION
Extent Xii, 211
Other physical details PB
700 ## - ADDED ENTRY--PERSONAL NAME
Personal name Raghavan B.S
9 (RLIN) 54647
906 ## - LOCAL DATA ELEMENT F, LDF (RLIN)
a 48.75
b IT
Holdings
Withdrawn status Lost status Damaged status Not for loan Collection code Home library Current library Date acquired Vendor Cost, normal purchase price Full call number Barcode Date last seen Cost, replacement price Bill Date Koha item type Original Barcode
        Allied Science Cummins College of Engineering for Women Nagpur Cummins College of Engineering for Women Nagpur 20/11/2010 S. Chand and Co 195.00 300.124/SUR CEWN-BK-2556 30/05/2022 146.25 30/05/2022 Books 002556